Statistics for Best Current NFL Player From Each College

Click here to take the quiz!

General Stats

  • This quiz has been taken 66 times
  • The average score is 42 of 261

Answer Stats

College Player % Correct
MichiganTom Brady
79%
North Carolina CentralRyan Smith
70%
Northern IowaDavid Johnson
66%
AlabamaJulio Jones
66%
Carson-NewmanChris Jones
66%
ShepherdHoward Jones
66%
Eastern MichiganJason Jones
66%
Eastern WashingtonTaiwan Jones
66%
San DiegoJosh Johnson
66%
FindlayHarold Jones-Quartey
66%
Wake ForestKevin Johnson
66%
AuburnCam Newton
63%
CaliforniaAaron Rodgers
59%
Tennessee StateDominique Rodgers-Cromartie
59%
Cal LutheranEric Rodgers
57%
Ole MissEli Manning
55%
PurdueDrew Brees
55%
WisconsinJ.J. Watt
55%
Louisiana LafayetteLadarius Green
54%
GeorgiaA.J. Green
54%
Washington StateMarquess Wilson
54%
AkronJatavis Brown
50%
Pittsburg StateJohn Brown
50%
ArizonaRob Gronkowski
48%
Northern ColoradoVincent Jackson
46%
Miami (Ohio)Ben Roethlisberger
43%
North Carolina StatePhilip Rivers
41%
TexasEarl Thomas
41%
Georgia TechDemaryius Thomas
41%
Portland StateJulius Thomas
41%
Texas A&MVon Miller
39%
Texas San AntonioTeddy Williams
39%
Northwestern (Iowa)Brian Peters
39%
Nebraska-OmahaZach Miller
39%
ArkansasJason Peters
39%
Western OregonTyrell Williams
39%
Missouri Southern StateBrandon Williams
39%
StanfordAndrew Luck
38%
HarvardRyan Fitzpatrick
38%
Ohio StateEzekiel Elliott
38%
DelawareJoe Flacco
36%
East CentralArmonty Bryant
36%
OklahomaAdrian Peterson
36%
North Dakota StateCarson Wentz
36%
Oklahoma StateDez Bryant
36%
LSUOdell Beckham, Jr.
34%
Grand Valley StateBrandon Carr
34%
Mississippi StateDak Prescott
34%
Fresno StateDerek Carr
34%
Northwood (Michigan)Glenn Winston
34%
TCUAndy Dalton
32%
SMUEmmanuel Sanders
32%
Boston CollegeLuke Kuechly
32%
Eastern IllinoisTony Romo
30%
Michigan StateLe'Veon Bell
29%
DartmouthVernon Harris
27%
New HampshireCorey Graham
27%
Kent StateJulian Edelman
25%
PrincetonCaraun Reid
25%
LouisvilleTeddy Bridgewater
25%
Bowling GreenRoger Lewis
25%
UCFBrandon Marshall
25%
UABJ.J. Nelson
25%
ColumbiaJosh Martin
23%
Boise StateDoug Martin
23%
BuffaloKhalil Mack
23%
Charleston SouthernCharles James II
23%
ClemsonDeAndre Hopkins
23%
KentuckyRandall Cobb
23%
Arkansas StateDemario Davis
21%
Northern IllinoisDoug Free
21%
NebraskaNdamukong Suh
21%
Florida InternationalT.Y. Hilton
21%
Bethune-CookmanRyan Davis
21%
IllinoisVontae Davis
21%
OregonKyle Long
21%
Sacramento StateTodd Davis
21%
Mary Hardin-BaylorJerrell Freeman
20%
Florida AtlanticAlfred Morris
20%
KansasAqib Talib
18%
PittsburgLarry Fitzgerald
18%
VanderbuiltJordan Matthews
18%
William PennDamon Harrison
18%
Gardner-WebbKenny Cook
18%
USCClay Matthews
18%
MinnesotaEric Decker
18%
Southern MississippiJamie Collins
18%
NevadaRishard Matthews
16%
ConnecticutDarius Butler
16%
San Diego StateBrice Butler
16%
BloomsburgJahri Evans
16%
TroyDeMarcus Ware
16%
North AlabamaJanoris Jenkins
16%
Notre DameGolden Tate
16%
Bowie StateKhari Lee
14%
Oregon StateBrandin Cooks
14%
South Carolina StateRafael Bush
14%
Kansas StateDarren Sproles
14%
Coastal CarolinaJosh Norman
14%
Virginia TechKam Chancellor
14%
South CarolinaAlshon Jeffery
14%
RichmondTim Hightower
14%
TennesseeEric Berry
14%
MiamiGreg Olsen
13%
New MexicoGlover Quin
13%
South FloridaJason Pierre-Paul
13%
South Dakota StateAdam Vinatieri
13%
IowaMarshal Yanda
13%
West AlabamaSeth Roberts
13%
HoustonCase Keenum
13%
The CitadelAndre Roberts
13%
CincinnatiTrent Cole
13%
Texas TechMichael Crabtree
13%
Florida StateKelvin Benjamin
13%
TowsonTerrance West
11%
Mount UnionPierre Garcon
11%
LibertyRashad Jennings
11%
Abilene ChristianCharcandrick West
11%
HillsdaleAndre Holmes
11%
MarylandStefon Diggs
11%
Sam Houston StateJosh McCown
11%
Tiffin UniversityChris Ivory
9%
IndianaTevin Coleman
9%
MassachusettsVictor Cruz
9%
Fort Valley StateMarquette King
9%
Murray StateWalter Powell
7%
Arizona StateVontaze Burfict
7%
West VirginiaTavon Austin
7%
BaylorKendall Wright
7%
BYUEzekiel Ansah
7%
RutgersKenny Britt
7%
NewberryRon Parker
7%
MarshallVinny Curry
7%
ToledoBarry Church
7%
Central Missouri StateDelanie Walker
7%
Chadron StateDanny Woodhead
7%
MissouriJeremy Maclin
7%
MemphisStephen Gostkowski
7%
HamptonChris Baker
7%
Louisiana MonroeJe'Ron Hamm
7%
Valdosta StateRyan Schraeder
5%
OhioMike Mitchell
5%
MonmouthChris Hogan
5%
FordhamIsa Abdul-Quddus
5%
Minnesota StateAdam Thielen
5%
Alabama A & MRobert Mathis
5%
MaristJason Myers
5%
Alabama StateIsaiah Crowell
5%
Mars HillDenzelle Good
5%
Jacksonville StateTroymaine Pope
4%
Belhaven UniversityTramaine Brock
4%
RicePhillip Gaines
4%
Idaho StateJosh Hill
4%
Saginaw ValleyJeff Heath
4%
University of ReginaAkiem Hicks
4%
South AlabamaBraedon Bowman
4%
Georgia SouthernJerick McKinnon
4%
Texas A&M - CommerceDanny Mason
4%
TulsaCharles Clay
4%
Penn StateNaVorro Bowman
4%
FloridaCarlos Dunlap
4%
Southeastern LouisianaRobert Alford
4%
Southern UtahMiles Killebrew
4%
ChattanoogaBuster Skrine
4%
Eastern KentuckyNoah Spence
4%
Stony BrookWill Tye
4%
Tarleton StateDashaun Phillips
4%
TempleTahir Whitehead
4%
DukeJamison Crowder
4%
VirginiaBranden Albert
4%
RensseiaerAndrew Franks
4%
Ball StateWillie Snead
4%
North CarolinaRobert Quinn
4%
Northwest Missouri StateBrian Dixon
4%
Western WashingtonMatt Overton
4%
WashingtonDesmond Trufant
4%
Winston-SalemWilliam Hayes
4%
Louisiana TechQuinton Patton
4%
NichollsLadarius Webb
4%
NorthwesternTrevor Siemian
4%
Wisconsin - Eau ClaireIsiah Cage
2%
Texas StateCraig Mager
2%
Colorado StateCrockett Gillmore
2%
ColoradoMason Crosby
2%
Arkansas-Pine BluffTerron Armstead
2%
William & MaryJonathan Grimes
2%
WoffordBrenton Bersin
2%
Central MichiganJoe Staly
2%
Central ArkansasJonathan Woodard
2%
CatawbaJumal Rolle
2%
Appalachian StateBrian Quick
2%
Western KentuckyJack Doyle
2%
CanisiusChris Manhertz
2%
California (PA)Rontez Miles
2%
West Texas A&MEthan Westbrooks
2%
Utah StateDonald Penn
2%
Baker UniversityTanner Purdum
2%
VillanovaBen Ijalana
2%
Beloit CollegeDerek Carrier
2%
UW - OshKoshJoe Sommers
2%
Colorado State - PuebloMike Pennel
2%
WashburnMichael Wilhoite
2%
UTEPQuintin Demps
2%
AshlandJamie Meder
2%
WagnerJulian Stanford
2%
UtahStar Lotolelei
2%
BrownJames Develin
2%
UNLVJoe Hawley
2%
ArmyJosh McNary
2%
UCLAAlterraun Verner
2%
Cal PolyDzubnar
2%
UC IrvineDarren Fells
2%
UC DavisColton Schmidt
2%
New Mexico StateDavon House
2%
Ferris StateJake Lampman
2%
CornellJC Tretter
2%
Midwestern StateMarqui Christian
2%
James MadisonArthur Moats
2%
PennBrandon Copeland
2%
Ouachita BaptistPhillip Supernaw
2%
LehighRyan Spadola
2%
MaineJustin Perillo
2%
ManitobaDavid Onyemata
2%
Michigan TechJoe Berger
2%
Middle Tennessee StateErik Walden
2%
Northwestern StateJeremy Lane
2%
Presbyterian CollegeJustin Bethel
2%
Missouri StateClay Harbor
2%
Missouri WesternGreg Zuerlein
2%
Air ForceBen Garland
2%
North TexasZachary Orr
2%
North GreenvilleFreddie Martino
2%
MontanaDan Carpenter
2%
NavyJoe Cardona
2%
Nebraska-KearneyCole Manhart
2%
Norfolk StateDon Carey
2%
Iowa StateAhtyba Rubin
2%
Incarnate WordCole Wick
2%
Delaware StateRodney Gunter
2%
Georgia StateWil Lutz
2%
East CarolinaLinval Joseph
2%
SyracuseDwight Freeney
2%
StillmanZamir Carlis
2%
St. Paul's CollegeGreg Toler
2%
New Mexico HighlandsTyler Slavin
2%
Southern IllinoisMyCole Pruitt
2%
Southern ArkansasCedric Thornton
2%
South DakotaTom Compton
2%
FurmanDakota Dozier
2%
Slippery RockBrandon Fusco
2%
Illinois StateCameron Meredith
2%
ShippensburgBrent Grimes
2%
Grambling StateLarry Donnell
2%
San Jose StateDwight Lowery
2%
HawaiiGreg Salas
2%
HobartAli Marpet
2%
SamfordMichael Pierce
2%
HofstraKyle Arrington
2%
HowardAntoine Bethea
2%
IdahoMike Iupati
2%
WyomingMike Purcell
2%

Score Distribution

Percentile by Number Answered

Percent of People with Each Score

Your Score History

You have not taken this quiz